000 00849nam a2200241 a 4500
001 000036689
005 20200930075856.0
008 120125s1982 sp r 001 0 spa d
020 _a8424903145
040 _aDO-SdBNP
_bspa
_cBNPHU
082 _axxxx
_bJ54a
100 1 _aJenofonte,
_d434?-355 a. de J. C.
_962972
245 1 0 _aAnábasis /
_cJenofonte; introducción Carlos García Gual ; traducción y notas Ramón Bach Pellicer.
260 _aMadrid :
_bGredos,
_c1982.
300 _a305 p. ;
_c19 cm.
490 1 _aBiblioteca clásica Gredos
_v52
500 _aIncluye notas al pie de las páginas.
500 _aincluye índice de nombres propios.
590 _aInventariado, 2019/BT
700 1 _aGarcía Gual, Carlos,
_eintrod.
_921909
700 1 _aBach Pellicer, Ramón,
_etr.
_962978
830 0 _aBiblioteca clásica Gredos;
_n52
_962979
999 _c36180
_d36180